000 00216 a2200097 4500
001 49398
100 _aLocke, L
245 _aThe Tigers of Trenccand
260 _aLondon
_bMuseum Press Ltd
_c
090 _c31936
_d31936
942 _aNUST-CAE
_cM
_c24376
999 _c284471
_d284471